| 000 | 00490nam a2200193Ia 4500 | ||
|---|---|---|---|
| 003 | OSt | ||
| 005 | 20250123150539.0 | ||
| 008 | 241228s9999 xx 000 0 und d | ||
| 020 | _a9780367753313 | ||
| 040 | _cKUDSIT | ||
| 082 | _a332.178 CHO/B | ||
| 100 | _aChowdhury, Niaz | ||
| 245 | 0 | _aBlockchain and AI: | |
| 260 |
_aBoca Raton, _bCRC Press, _c2024 |
||
| 300 | _axiv, 164p. | ||
| 500 | _aSupplied by Modern Book Centre, TVPM | ||
| 700 | _dDeka, Ganesh Chandra | ||
| 942 |
_cBK _2ddc |
||
| 999 |
_c40134 _d40134 |
||